Hybridné pracovné režimy ako výsledok učenia sa podnikov z krízy
Na minha lista:
| Autor principal: | |
|---|---|
| Formato: | Capítulo de Livro |
| Idioma: | eslovaco inglês |
| Assuntos: | |
| Tags: |
Sem tags, seja o primeiro a adicionar uma tag!
|
MARC
| LEADER | 00000naa$a2200000$$$4500 | ||
|---|---|---|---|
| 001 | 0297720 | ||
| 005 | 20250923124214.7 | ||
| 041 | 0 | |a slo | |
| 041 | 0 | |a eng | |
| 044 | |a SK | ||
| 245 | 1 | 0 | |a Hybridné pracovné režimy ako výsledok učenia sa podnikov z krízy |c Zuzana Joniaková |
| 500 | |a Abstrakt | ||
| 610 | 2 | 0 | |a režim pracovný |
| 610 | 2 | 0 | |a režim pracovný hybridný |
| 610 | 2 | 0 | |a práca z domu |
| 610 | 2 | 0 | |a pracovisko |
| 610 | 2 | 0 | |a podnik |
| 610 | 2 | 0 | |a kríza |
| 610 | 2 | 0 | |a technológie nové |
| 610 | 2 | 0 | |a efektívnosť |
| 610 | 2 | 0 | |a zamestnanci |
| 610 | 2 | 0 | |a spokojnosť v práci |
| 610 | 2 | 0 | |a riadenie ľudských zdrojov |
| 100 | 1 | |a Joniaková, Zuzana, 1970- | |